History through familiar things Part 2 (Record no. 1321583)

MARC details
000 -LEADER
fixed length control field 00543nam a2200181Ia 4500
005 - DATE AND TIME OF LATEST TRANSACTION
control field 20260415160320.0
008 - FIXED-LENGTH DATA ELEMENTS--GENERAL INFORMATION
fixed length control field 008 250505s9999 xx 000 0 eng d
037 ## - SOURCE OF ACQUISITION
Stock number Books to be hide in OPAC
040 ## - CATALOGING SOURCE
Original cataloging agency FEDL
Language of cataloging eng
Transcribing agency FEDL
041 ## - LANGUAGE CODE
Language code of text/sound track or separate title eng
Source of code eng
084 ## - COLON CLASSIFICATION NUMBER
Classification number 901 REE/O
Assigning agency FEDL
100 ## - MAIN ENTRY--PERSONAL NAME
Personal name Reeve J R
9 (RLIN) 755605
245 #0 - TITLE STATEMENT
Title History through familiar things Part 2
260 ## - PUBLICATION, DISTRIBUTION, ETC.
Place of publication, distribution, etc. London, UK
Name of publisher, distributor, etc. University of London Press Limited
Date of publication, distribution, etc. 1935
300 ## - PHYSICAL DESCRIPTION
Extent 270p.
942 ## - ADDED ENTRY ELEMENTS (KOHA)
Koha item type Books to be hide in OPAC
Classification part 901 REE/O
Holdings
Withdrawn status Lost status Damaged status Not for loan Home library Current library Date acquired Total Checkouts Full call number Barcode Date last seen Price effective from Koha item type
        Department of Education Library Department of Education Library 2025-05-08   901 REE/O EL0000198 2025-05-08 2025-05-08 Books to be hide in OPAC
Copyright @ Delhi University Library System